000
00281nam a2200121Ia 4500
008
241002s9999 xx 000 0 und d
082
_a
808.3 COP
100
_a
Coppard, A.E
245
0
_a
Adam and Eve and Pinch me
260
_a
London:
_c
1946
600
_a
Literature
942
_c
UC
999
_c
18854
_d
18854